|
|
|
|
| LEADER |
00000nam a2200000Ii 4500 |
| 001 |
DIGCOLMX0558 |
| 003 |
NyNyDIG |
| 006 |
m o d |
| 007 |
cr ||||||||||| |
| 008 |
250402s2024 mx a ob 000 0 spa d |
| 035 |
|
|
|a (OCoLC)1477098996
|
| 040 |
|
|
|a DGITA
|b eng
|e rda
|e pn
|c DGITA
|
| 020 |
|
|
|a 9786075646220
|q electrónico
|
| 020 |
|
|
|z 9786075645179
|q impreso
|
| 043 |
|
|
|a n-mx---
|
| 050 |
1 |
4 |
|a HD6060.6 ebook
|
| 245 |
0 |
4 |
|a Los cuidados no remunerados y su relación con el trabajo remunerado en México :
|b un análisis a partir de la Encuesta Laboral y de Corresponsabilidad Social (ELCOS) 2012 /
|c Edith Pacheco Gómez (coordinadora).
|
| 250 |
|
|
|a Primera edición electrónica.
|
| 264 |
|
1 |
|a Ciudad de México, México :
|b El Colegio de México,
|c 2024.
|
| 300 |
|
|
|a 1 online resource :
|b illustrations.
|
| 336 |
|
|
|a text
|b txt
|2 rdacontent
|
| 337 |
|
|
|a computer
|b c
|2 rdamedia
|
| 338 |
|
|
|a online resource
|b cr
|2 rdacarrier
|
| 347 |
|
|
|a text file
|2 rdaft
|
| 347 |
|
|
|b EPUB
|
| 504 |
|
|
|a Includes bibliographical references.
|
| 588 |
0 |
|
|a Online resource; title from ePub title page (Digitalia, viewed April 2, 2025)
|
| 650 |
|
0 |
|a Sexual division of labor
|z Mexico
|y 21st century.
|
| 650 |
|
0 |
|a Unpaid labor
|z Mexico
|y 21st century.
|
| 650 |
|
0 |
|a Women
|x Employment
|z Mexico
|y 21st century.
|
| 700 |
1 |
|
|a Pacheco Gómez Muñoz, María Edith,
|e editor.
|
| 776 |
0 |
8 |
|i Print version:
|t Cuidados no remunerados y su relación con el trabajo remunerado en México.
|b Primera edición impresa,.
|d Ciudad de México, México : El Colegio de México, 2024
|z 9786075645179
|
| 791 |
2 |
|
|a Digitalia (Firm),
|e distributor.
|
| 793 |
0 |
|
|g Digitalia eBook Collection:
|a El Colegio de México
|
| 856 |
4 |
0 |
|3 Digitalia Hispánica
|u https://www.digitaliapublishing.com/a/171400/
|
| 910 |
|
|
|a Premium collection: 2025
|